000 02843nam a2200337 a 4500
001 40179
003 BD-RjUL
005 20211209053144.0
008 160423m19651959ii ||||| |||| 00| 0 ben d
020 _c: IRs 7.00 (V-1, Pt-1)
020 _c: IRs 8.00 (V-1, Pt-2)
020 _c: IRs. 30.00 (V-2)
035 _a(BD-RjUL)40294
040 _aBD-RjUL
_bben
_cBD-RjUL
041 _aben
082 _223
_a109
_bPRA 1959
245 0 0 _aপ্রাচ্য ও পাশ্চাত্য দর্শনের ইতিহাস /
_cসম্পাদক মণ্ডলী: সর্বেপল্লী রাধাকৃষ্ণণ্ , সভাপতি ; কর্মসচিব: আরদেশির রাতনজি ওয়াডিয়া, ধীরেন্দ্রমোহন দত্ত, হুমায়ুন কবির ; বাংলা সংস্করণের সম্পাদক মণ্ডলী: হুমায়ুন কবির, সভাপতি ; কর্মসচিব: রাসবিহারী দাস, অমিয়কুমার মজুমদার
250 _a১ম সং. , বাংলা সং.
260 _aকলিকাতা :
_bএম. সি. সরকার অ্যান্ড সন্স প্রাইভেট লিমিটেড,
_c১৯৫৯-১৯৬৫ (আশ্বিন ১৩৬৬ - বৈশাখ ১৩৭২)
300 _a খণ্ড ;
_c২২ সেমি
505 0 _aখণ্ড ১(ভাগ ১) -- খণ্ড ১(ভাগ ২) -- খণ্ড ২ --
650 _aদর্শন
_xইতিহাস
_9237072
650 _aPhilosophy
_xHistory
_9237073
700 _aরাধাকৃষ্ণন, সর্বেপল্লী, সম্পাদক মণ্ডলীর সভাপতি
_9123694
700 _aওয়াডিয়া, আরদেশির রাতনজি, সম্পাদক মণ্ডলীর কর্মসচিব
_9123695
700 _aদত্ত, ধীরেন্দ্রমোহন, সম্পাদক মণ্ডলীর যুগ্ম কর্মসচিব
_9237074
700 _aকবির, হুমায়ুন, সম্পাদক মণ্ডলীর যুগ্ম কর্মসচিব ও বাংলা সংস্করণের সম্পাদক মণ্ডলীর সভাপতি
_9237075
700 _aদাস, রাসবিহারী, বাংলা সংস্করণের সম্পাদক মণ্ডলীর কর্মসচিব
_9237076
700 _aমজুমদার, অমিয়কুমার, বাংলা সংস্করণের সম্পাদক মণ্ডলীর যুগ্ম কর্মসচিব
_9237077
942 _2ddc
_cBK
999 _c40179
_d40179